000 00445nam a2200181Ia 4500
003 LK-CoDNM
008 010623t2007 xxu||||| |||| 00| 1 sin d
040 _aLK-CoDNM
_dLK-CoDNM
_eLK-CoDNM
041 _asin
080 _a641.5
_bPER
100 _aPerera, Varuni
245 _aරසින් රස
246 _aRasin rasa
260 _bNethupaba prakashana
_aKelaniya
_c2007
300 _b169, 21.5 cm
650 _aCookery
942 _cBK
999 _c127018
_d127018